Statistics for Airbus A380 routes of Emirates

Click here to take the quiz!

General Stats

  • This quiz has been taken 164 times
  • The average score is 30 of 47

Answer Stats

City % Correct
New York
94%
London
94%
Paris
89%
Sydney
89%
Los Angeles
85%
Madrid
82%
Beijing
81%
Singapore
81%
Amsterdam
81%
Melbourne
79%
Barcelona
77%
Tokyo
77%
Munich
75%
Moscow
75%
Auckland
75%
Hong Kong
75%
Frankfurt
75%
Shanghai
75%
Rome
75%
Manchester
72%
Perth
71%
Mumbai
70%
Bangkok
70%
San Francisco
68%
Milan
67%
Johannesburg
64%
Brisbane
62%
Kuala Lumpur
61%
Seoul
61%
Toronto
61%
Zurich
56%
Guangzhou
55%
Birmingham
54%
Vienna
52%
Washington
50%
Sao Paulo
47%
Dubai
46%
Copenhagen
46%
Taipei
45%
Dusseldorf
44%
Prague
36%
Nice
35%
Kuwait
34%
Jeddah
34%
Christchurch
31%
Mauritius
21%
Casablanca
18%

Score Distribution

Percentile by Number Answered

Percent of People with Each Score

Your Score History

You have not taken this quiz